00398nam a2200145 a 450000500170000000800410001702000150005805000210007310000230009424500330011726000420015030000070019265000320019970000210023120140414132052.0121024s19uu xx 00 eng d a0843138920 aM 245bB366 1995 aBeall, Pamela Conn aWee sing:bmore bible songs. aNew York :bPrice Stern Sloan,c1995. a68 aSongs-xpraises-xbiblical. aSusan Hagen Nipp